000 00401cam a22001337a 4500
008 180718b1978 xxu||||| |||| 00| 0 eng d
082 _aT000x54 T326
100 _aThakur, S.Y.
245 _aIndian economic development: retrospect and retrospect
_cby S.Y. Thakur
260 _aDelhi
_bSterling
_c1978
300 _a180p.
650 _aEconomic development - India
650 _aEconomic planning - India
999 _c355446
_d355446